| 000 | 00000nam##2200000za#4500 |
| 001 | 9.698059 |
| 003 | CaOODSP |
| 005 | 20210927150508 |
| 007 | cr ||||||||||| |
| 008 | 150407|1998||||xxc|||||o f|0| 0 eng|d |
| 040 | |aCaOODSP|beng |
| 043 | |an-cn--- |
| 086 | 1 |aR2-104/1998E-PDF |
| 110 | 1 |aCanada. |bIndian and Northern Affairs Canada. |
| 245 | 10|a[The value-added aspects of the Canadian diamond industry] : |h[electronic resource]|b[a report by the Federal-Territorial Committee on value-added aspects of the Canadian diamond industry, Northwest Territories] |
| 260 | |aOttawa - Ontario : |bIndian and Northern Affairs |c[September 1998]. |
| 300 | |a174p.|bfigs., glossary, graphs, tables |
| 500 | |a"The Committee examined and compiled pertinent information on six issues as they relate to the value-added diamond industry in Canada and the NWT: trade policy, taxation, access to rough diamonds, training, the role of financial institutions, and security. This report represents the basic diamond-related facts upon which the Committee has made its recommendations to ministers. The following are the Committee's finding and recommendations that are included in this report."--Page 17 of 174. |
| 500 | |aThe catalogue number (R2-104/1998E) and ISBN (0-662-27259-5) for the print edition have been incorrectly copied in this electronic publication. |
| 520 | 3 |aThe Committee examined and compiled pertinent information on six issues as they relate to the value-added diamond industry in Canada and the NWT: trade policy, taxation, access to rough diamonds, training, the role of financial institutions, and security. This report represents the basic diamond-related facts upon which the Committee has made its recommendations to ministers. The following are the Committee's finding and recommendations that are included in this report.--Page 17 of 174. |
| 590 | |a13-15-Supp|b2013-06-24 |
| 690 | 07|aMining industry|2gcpds |
| 775 | 08|t[La valeur ajoutée dans l'industrie canadienne du diamant] : |w(CaOODSP)9.642055 |
| 776 | 0#|tThe value-added aspects of the Canadian diamond industry : |w(CaOODSP)9.647112 |
| 856 | 40|ahttp://publications.gc.ca|qPDF|s2.03 MB|uhttps://publications.gc.ca/collections/Collection/R2-104-1998E.pdf |
| 986 | |aQS-8587-000-EE-A1 |